logo

Bir Sreshtho Munshi Abdur Rouf Library
Jhenaidah Cadet College

উনিশ শতকে বাংলাদেশের সংবাদ-সাময়িকপত্র / (Record no. 4348)

MARC details
000 -LEADER
fixed length control field 00728nam a2200229 a 4500
001 - CONTROL NUMBER
JCCL Control Number 4348
003 - CONTROL NUMBER IDENTIFIER
JCCL marc code BD-JhCC
005 - DATE AND TIME OF LATEST TRANSACTION
control field 20171126170614.0
008 - FIXED-LENGTH DATA ELEMENTS--GENERAL INFORMATION
fixed length control field 171126s2000 bg |||| ||a| 000 0 ben d
020 ## - INTERNATIONAL STANDARD BOOK NUMBER
International Standard Book Number 984412087x
035 ## - SYSTEM CONTROL NUMBER
system control number (BD-JhCC) 4348
040 ## - CATALOGING SOURCE
Original cataloging agency BD-JhCC
Modifying agency BD-JhCC
041 ## - LANGUAGE CODE
Language code of Book ben
082 ## - DEWEY DECIMAL CLASSIFICATION NUMBER
Classification number 079.95492
Author mark and Year MAM 2000
100 ## - MAIN ENTRY--PERSONAL NAME
Personal name মামুন, মুনতাসির
245 ## - TITLE STATEMENT
Title উনিশ শতকে বাংলাদেশের সংবাদ-সাময়িকপত্র /
Statement of responsibility, etc মুনতাসির মামুন
260 ## - PUBLICATION, DISTRIBUTION, ETC. (IMPRINT)
Place of publication, distribution, etc ঢাকা :
Name of publisher, distributor, etc অনন্যা ,
Date of publication, distribution, etc 2000
300 ## - PHYSICAL DESCRIPTION
Pagination 159 p .:
Dimensions 22 cm .
650 ## - SUBJECT ADDED ENTRY--TOPICAL TERM
Topical term or geographic name as entry element Newspapers and periodicals
942 ## - ADDED ENTRY ELEMENTS (KOHA)
Source of classification or shelving scheme Dewey Decimal Classification
Koha item type Books
Holdings
Source of classification or shelving scheme Damaged status Not for loan Home library Current library Shelving location Date of accession Cost, normal purchase price Total Checkouts Full call number Barcode Date last seen Copy number Koha item type
Dewey Decimal Classification     JCC Rouf Library JCC Rouf Library General Stacks 11/26/2017 120.00   079.95492 MAM 2000 6142 11/26/2017 C-1 Books

JCC Library | Contacts | JCC Home

Last Update on 23 September 2017
Copyright @ 2017-2020 JCC Rouf Library
Rouf Library, Jhenidah Cadet College (JCC), Bangladesh